000 01222nam a22001935i 4500
001 161049
003 ES-MaACL
005 20230906212202.0
008 990607s1846 sp a |||| | spa d
080 _a351.712.5(460).072.2"18"
100 1 _aOrense, Casimiro de.
_9130682
245 1 0 _aMemoria para informar al Excmo. Ayuntamiento de Madrid sobre las causas de la demolición oficial de las casas núms. 1 y 2 calle del Humilladero, manzana 104, esquina a la plaza de Puerta de Moros :
_bmotivos de haber lugar al resarcimiento, reparación y compensación de graves perjuicios seguidos con ocasión de haber sido la ley que arregla la policía urbana la que causó su origen y la expropiación forzosa por el ornato público /
_cla escribe como en gran parte interesado el Lic. D. Casimiro de Orense, en favor igualmente de D. Fracisco [sic] Tobar.
260 _aMadrid :
_b[s.n.],
_c1846 (
_fImp. del Colegio de Sordo-mudos y Ciegos)
300 _a17, [3] p. :
_bil. ;
_c31 cm.
599 _aIl. grab. plano xil.
650 4 _aExpropiación forzosa-
_zEspaña.
_9159541
700 1 _aTobar, Francisco.
_9133277
852 4 _aES-MaACL
_jT-52-F-1
_z- Enc. hol., falto de cub. original
_z- Enc. en un vol. facticio
999 _c161049
_d161049